00517nam a2200169Ia 4500003000400000008004100004040001600045082002300061100002200084245005700106260005700163300001000220490004200230650001900272650002600291650003000317GCL140319s9999 xx 000 0 ara d aGCL / cGCL04aطb813.087bا ق1 aاحمد نجيب10aسر البساط الازرق / cاحمد نجيب a[S.N] : bدار الكتاب المصرى ، c1992 a15 ص aقصص عالمية للاطفالv004aالاطفال04aقصص الاطفال04aالقصص الشعبية